Prensa dominante y reacción contestataria en Costa Rica

保存先:
書誌詳細
第一著者: Soto Acosta, Willy
団体著者: Universidad de Costa Rica. Facultad de Ciencias Sociales. Escuela de Ciencias Políticas
フォーマット: テキスト
出版事項: San José: UCR
タグ: タグ追加
タグなし, このレコードへの初めてのタグを付けませんか!

MARC

LEADER 00000 a a2200000 04500
001 21733
003
040 |a CRAI/IIS  |c CRAI/IIS 
090 |a 097202  
100 |a Soto Acosta, Willy  
110 |a Universidad de Costa Rica. Facultad de Ciencias Sociales. Escuela de Ciencias Políticas  
245 |a Prensa dominante y reacción contestataria en Costa Rica  
260 |a San José:   |b UCR  
300 |a 25 p.  
999 |c 12665  |d 12665